| 000 | 00343nam a2200121Ia 4500 | ||
|---|---|---|---|
| 008 | 231106s2020 xx 000 0 und d | ||
| 041 | _aeng | ||
| 082 | _a751.42 | ||
| 100 | _aJEAN HAINES | ||
| 245 | _aTHE ART OF DRAWING FLOWERS FRUIT & VEGETABLES SIMPLE APPROACHES TO DRAWING NATURAL FORMS | ||
| 260 |
_bSEARCH PRESS _c2020 |
||
| 300 | _aH-176 | ||
| 999 |
_c920152 _d920152 |
||